[Event "TUR Cup										"]
[Site "Antalya"]
[Date "2018.02.01"]
[Round "9"]
[White "Kisacikoglu, Tolga"]
[Black "Kose, Hasan"]
[Result "1-0"]
[WhiteElo "1778"]
[BlackElo "1458"]
[PlyCount "71"]
[EventDate "2018.01.27"]
[EventType "swiss"]
[EventRounds "11"]
[EventCountry "TUR"]
[SourceTitle "CBM 182 Extra"]
[Source "ChessBase"]
[SourceDate "2018.02.23"]
[SourceVersion "1"]
[SourceVersionDate "2018.02.23"]
[SourceQuality "1"]

1. e4 c5 2. Nc3 d6 3. g3 Nc6 4. Bg2 Nf6 5. d3 Bg4 6. f3 Bd7 7. Be3 g6 8. Qd2 Nd4 9. Nd1 Bg7 10. c3 Ne6 11. Ne2 h5 12. Nf2 b5 13. f4 Ng4 14. Nxg4 hxg4 15. Kf2 Rb8 16. h3 Nc7 17. hxg4 Bxg4 18. Rxh8+ Bxh8 19. Rh1 Kd7 20. d4 cxd4 21. cxd4 b4 22. Nc1 Nb5 23. Rh4 f5 24. e5 Qc7 25. Nb3 Ke6 26. Rh7 Rd8 27. Qxb4 Qc2+ 28. Nd2 Nc7 29. Bf1 Qc6 30. Bg2 Nd5 31. Qb3 dxe5 32. dxe5 Bd1 33. Bxd5+ Qxd5 34. Qxd1 Bxe5 35. fxe5 Qd3 36. Qe2 1-0

[Event "TUR Cup										"]
[Site "Antalya"]
[Date "2018.02.01"]
[Round "8"]
[White "Kose, Hasan"]
[Black "Kara, Gulce Nehir"]
[Result "0-1"]
[WhiteElo "1458"]
[BlackElo "1744"]
[PlyCount "87"]
[EventDate "2018.01.27"]
[EventType "swiss"]
[EventRounds "11"]
[EventCountry "TUR"]
[SourceTitle "CBM 182 Extra"]
[Source "ChessBase"]
[SourceDate "2018.02.23"]
[SourceVersion "1"]
[SourceVersionDate "2018.02.23"]
[SourceQuality "1"]

1. e4 c5 2. d4 cxd4 3. c3 dxc3 4. Nxc3 d6 5. Bc4 e6 6. Nf3 Be7 7. 0-0 Nf6 8. Qe2 a6 9. Rd1 Nbd7 10. Bf4 b5 11. Bb3 Qb6 12. Rac1 0-0 13. Bc2 Ng4 14. h3 Nge5 15. Nd4 Bb7 16. Be3 Qd8 17. b3 Rc8 18. Bb1 Nc5 19. f4 Ng6 20. f5 Ne5 21. b4 Ncd7 22. fxe6 Nf6 23. exf7+ Rxf7 24. Nf5 Bf8 25. Bf4 Qb6+ 26. Kh1 Rfc7 27. Nd5 Bxd5 28. Rxc7 Qxc7 29. exd5 Re8 30. Qf2 Qb7 31. a3 Nc4 32. Qf3 Qb6 33. Nd4 Nb2 34. Ne6 Nxd1 35. Qxd1 Qf2 36. Kh2 Rxe6 37. Bg3 Qe3 38. dxe6 Qxe6 39. Qc2 d5 40. Bh4 Ne4 41. Kh1 g5 42. Be1 Qf5 43. Bc3 Qf1+ 44. Kh2 0-1